[Event "Medellin Easter op 11th"]
[Site "Medellin"]
[Date "2023.04.07"]
[Round "4"]
[White "Ortiz Lopera, Miguel Angel"]
[Black "Osorio, Cristhian Camilo"]
[Result "1/2-1/2"]
[WhiteElo "1865"]
[BlackElo "2179"]
[PlyCount "66"]
[EventDate "2023.04.05"]
[EventType "swiss"]
[EventRounds "7"]
[EventCountry "COL"]
[SourceTitle "CBM 213 Extra"]
[Source "ChessBase"]
[SourceDate "2023.05.31"]
[SourceVersion "1"]
[SourceVersionDate "2023.05.31"]
[SourceQuality "1"]

1. e4 e6 2. d4 d5 3. Nc3 Nf6 4. e5 Nfd7 5. f4 c5 6. Nf3 Nc6 7. Be3 Qb6 8. Na4 Qa5+ 9. c3 c4 10. b4 cxb3 11. axb3 Qc7 12. Be2 Rb8 13. 0-0 g6 14. c4 Nb6 15. Nc3 a6 16. c5 Nd7 17. f5 gxf5 18. Ng5 Ndxe5 19. dxe5 d4 20. Bh5 Bxc5 21. Bxf7+ Ke7 22. Bf2 h6 23. Qh5 Nxe5 24. Na4 hxg5 25. Qxh8 Nxf7 26. Qg7 Ba7 27. Bxd4 b5 28. Rac1 Bxd4+ 29. Qxd4 Qd6 30. Qa7+ Rb7 31. Qa8 bxa4 32. Qxc8 Qb6+ 33. Kh1 Qxb3 1/2-1/2

[Event "Sabaneta Ciudad Para el Mundo"]
[Site "Sabaneta"]
[Date "2022.03.20"]
[Round "4"]
[White "Osorio, Cristhian Camilo"]
[Black "Soto, Christian Camilo"]
[Result "1-0"]
[WhiteElo "2168"]
[BlackElo "2113"]
[PlyCount "107"]
[EventDate "2022.03.18"]
[EventType "tourn"]
[EventRounds "7"]
[EventCountry "COL"]
[SourceTitle "EXT 2023"]
[Source "ChessBase"]
[SourceDate "2022.10.05"]
[SourceVersion "1"]
[SourceVersionDate "2022.10.05"]
[SourceQuality "1"]

1. f4 e5 2. fxe5 d6 3. Nf3 dxe5 4. e4 Nf6 5. Bc4 Bc5 6. Qe2 Nc6 7. Bxf7+ Kf8 8. Bc4 Bg4 9. c3 h6 10. b4 Bxb4 11. cxb4 Nd4 12. Nxd4 Qxd4 13. Qd3 Qxa1 14. 0-0 b5 15. Bd5 Rd8 16. Nc3 c6 17. Ba3 Qxf1+ 18. Qxf1 cxd5 19. exd5 a6 20. h3 Bc8 21. Ne4 Kf7 22. d6 Rhf8 23. Bb2 Kg8 24. Nc5 Rxd6 25. Qe2 Rd5 26. a4 bxa4 27. Bxe5 a3 28. d4 Rdd8 29. Qa2+ Kh8 30. Qxa3 Rf7 31. Qa2 Nd5 32. Nxa6 Bxa6 33. Qxa6 Kh7 34. Qc4 Rdd7 35. b5 Kg8 36. Qc8+ Kh7 37. Qc6 Nf6 38. b6 Rfe7 39. g4 Ne8 40. h4 Rf7 41. g5 hxg5 42. hxg5 Rfe7 43. Kf2 g6 44. Kg3 Ng7 45. Kg4 Nf5 46. Qh1+ Kg8 47. Qh8+ Kf7 48. Qf6+ Ke8 49. Qxg6+ Rf7 50. Qg8+ Ke7 51. Bf6+ Ke6 52. Qe8+ Ne7 53. d5+ Rxd5 54. b7 1-0

[Event "COL-ch U26"]
[Site "Medellin"]
[Date "2018.10.20"]
[Round "6"]
[White "Gonzalez, Andres Felipe"]
[Black "Osorio, Cristhian Camilo"]
[Result "0-1"]
[WhiteElo "2075"]
[BlackElo "2184"]
[PlyCount "46"]
[EventDate "2018.10.18"]
[EventType "swiss"]
[EventRounds "6"]
[EventCountry "COL"]
[SourceTitle "CBM 187 Extra"]
[Source "ChessBase"]
[SourceDate "2018.11.04"]
[SourceVersion "1"]
[SourceVersionDate "2018.11.04"]
[SourceQuality "1"]

1. d4 Nf6 2. Nc3 e6 3. Bf4 d5 4. Nb5 Na6 5. a3 c5 6. e3 c4 7. Ne2 Qb6 8. a4 Bd7 9. Nec3 Bb4 10. Be2 Bxb5 11. axb5 Qxb5 12. 0-0 Bxc3 13. bxc3 0-0 14. Bf3 Qc6 15. Ra2 Nc7 16. Qa1 a6 17. Rb1 Nb5 18. Qb2 Ne4 19. Bxe4 dxe4 20. Qb4 Rac8 21. h3 f6 22. Ra4 Rf7 23. Qa5 Nxc3 0-1

[Event "COL-ch U26"]
[Site "Medellin"]
[Date "2018.10.18"]
[Round "2"]
[White "Leal Cortes, Diego Fernando"]
[Black "Osorio, Cristhian Camilo"]
[Result "0-1"]
[WhiteElo "1883"]
[BlackElo "2184"]
[PlyCount "82"]
[EventDate "2018.10.18"]
[EventType "swiss"]
[EventRounds "6"]
[EventCountry "COL"]
[SourceTitle "CBM 187 Extra"]
[Source "ChessBase"]
[SourceDate "2018.11.04"]
[SourceVersion "1"]
[SourceVersionDate "2018.11.04"]
[SourceQuality "1"]

1. d4 Nf6 2. Bf4 c5 3. c3 e6 4. Nf3 d5 5. e3 Nc6 6. Nbd2 Qb6 7. Qb3 c4 8. Qxb6 axb6 9. Be2 b5 10. b3 b4 11. bxc4 bxc3 12. Nb3 Ba3 13. c5 Bb2 14. 0-0 Bxa1 15. Rxa1 Nb4 16. a4 Ne4 17. Ne1 Bd7 18. a5 g5 19. Be5 f6 20. Bc7 Bc6 21. f3 Nd2 22. Bd1 Kd7 23. Bg3 Nc4 24. Bf2 Nb2 25. Nc2 N4d3 26. Be2 Bb5 27. Be1 Bc4 28. c6+ Kxc6 29. Bxd3 Nxd3 30. Nc5 Nxe1 31. Nxe1 b6 32. Nxe6 Rxa5 33. Rc1 Re8 34. Ng7 Rxe3 35. Nf5 Re2 36. Ng3 Re8 37. Kf2 Ra2+ 38. Rc2 Rxc2+ 39. Nxc2 Bb3 40. Nb4+ Kb5 41. Nd3 Kc4 0-1

[Event "Medellin Flores op 25th"]
[Site "Medellin"]
[Date "2018.08.04"]
[Round "2"]
[White "Arenas Vanegas, David"]
[Black "Osorio, Cristhian Camilo"]
[Result "1-0"]
[WhiteElo "2427"]
[BlackElo "2191"]
[PlyCount "83"]
[EventDate "2018.08.03"]
[EventType "swiss"]
[EventRounds "9"]
[EventCountry "COL"]
[SourceTitle "CBM 185 Extra"]
[Source "ChessBase"]
[SourceDate "2018.07.29"]
[SourceVersion "1"]
[SourceVersionDate "2018.07.29"]
[SourceQuality "1"]

1. g3 e5 2. Bg2 f5 3. d3 Nf6 4. a3 Bc5 5. c4 a5 6. Nc3 c6 7. Nf3 d6 8. d4 Bb6 9. dxe5 Ng4 10. 0-0 dxe5 11. Qxd8+ Bxd8 12. e4 Bc7 13. h3 fxe4 14. Nxe4 Nf6 15. Re1 0-0 16. Nc3 Be6 17. b3 Nbd7 18. Be3 h6 19. Nd2 g5 20. g4 Bf7 21. Nde4 a4 22. Nxa4 Bxc4 23. Nac5 Bd5 24. Nxf6+ Nxf6 25. Nxb7 Rfb8 26. Nc5 Bd6 27. b4 Bxg2 28. Kxg2 Nd5 29. Ne4 Bf8 30. Ng3 Ra6 31. Nf5 Rba8 32. Rac1 Rxa3 33. Rxc6 Nxb4 34. Re6 R3a6 35. Rxa6 Rxa6 36. Rd1 Nc2 37. Kf3 Ra4 38. Rd7 e4+ 39. Ke2 Nb4 40. Rd4 Ra2+ 41. Kf1 Kf7 42. Nxh6+ 1-0

[Event "Medellin Flores op 25th"]
[Site "Medellin"]
[Date "2018.08.03"]
[Round "1"]
[White "Osorio, Cristhian Camilo"]
[Black "Serrato, Rafael Antonio"]
[Result "1-0"]
[WhiteElo "2191"]
[BlackElo "1851"]
[PlyCount "73"]
[EventDate "2018.08.03"]
[EventType "swiss"]
[EventRounds "9"]
[EventCountry "COL"]
[SourceTitle "CBM 185 Extra"]
[Source "ChessBase"]
[SourceDate "2018.07.29"]
[SourceVersion "1"]
[SourceVersionDate "2018.07.29"]
[SourceQuality "1"]

1. f4 e6 2. Nf3 Nf6 3. e3 d5 4. b3 Bd6 5. Bb2 Nbd7 6. Be2 Qe7 7. Ne5 Ne4 8. 0-0 0-0 9. d3 Nef6 10. Nd2 Bc5 11. d4 Bb6 12. Bd3 c5 13. g4 cxd4 14. exd4 Nxe5 15. fxe5 Nd7 16. Kh1 f6 17. Qe2 fxe5 18. dxe5 Bc7 19. Nf3 b6 20. Bd4 Bb7 21. Qe3 Nc5 22. Ng5 Nxd3 23. cxd3 Rxf1+ 24. Rxf1 h6 25. Rf7 Qxf7 26. Nxf7 Kxf7 27. g5 hxg5 28. Qxg5 Rf8 29. Kg2 Bd8 30. Qg4 Bc8 31. h4 Kg8 32. Be3 Bc7 33. d4 Bd7 34. h5 Bd8 35. h6 Rf7 36. Qg6 Be8 37. Qxe6 1-0

[Event "Medellin Flores op 19th"]
[Site "Medellin"]
[Date "2013.08.06"]
[Round "7"]
[White "Osorio, Cristhian Camilo"]
[Black "Ardila, Oscar Humberto"]
[Result "1-0"]
[WhiteElo "2192"]
[BlackElo "2068"]
[PlyCount "65"]
[EventDate "2013.08.03"]
[EventType "swiss"]
[EventRounds "9"]
[EventCountry "COL"]
[SourceTitle "CBM 155 Extra"]
[Source "ChessBase"]
[SourceDate "2013.08.26"]
[SourceVersion "1"]
[SourceVersionDate "2013.08.26"]
[SourceQuality "1"]

1. f4 Nf6 2. Nf3 e6 3. g3 b6 4. Bg2 Bb7 5. d3 d6 6. e4 Nbd7 7. 0-0 e5 8. f5 c6 9. c4 Qc7 10. Nc3 Be7 11. h3 g6 12. fxg6 hxg6 13. Ng5 Rf8 14. b4 0-0-0 15. a4 d5 16. Qb3 dxc4 17. dxc4 Nh5 18. Nxf7 Nxg3 19. Nxd8 Nxf1 20. Ne6 Qd6 21. Nxf8 Bxf8 22. Kxf1 Qd3+ 23. Kg1 Ba6 24. b5 Bc5+ 25. Kh1 Bb7 26. Bb2 Nf6 27. Qd1 Qxc4 28. bxc6 Bxc6 29. Nd5 Nh5 30. Qg4+ Kb7 31. Qxg6 Nf4 32. Qf7+ Ka6 33. Nc7+ 1-0

[Event "Medellin Flores op 19th"]
[Site "Medellin"]
[Date "2013.08.03"]
[Round "1"]
[White "Corredor Rengifo, Luis Fernando"]
[Black "Osorio, Cristhian Camilo"]
[Result "0-1"]
[WhiteElo "1980"]
[BlackElo "2192"]
[PlyCount "50"]
[EventDate "2013.08.03"]
[EventType "swiss"]
[EventRounds "9"]
[EventCountry "COL"]
[SourceTitle "CBM 155 Extra"]
[Source "ChessBase"]
[SourceDate "2013.08.26"]
[SourceVersion "1"]
[SourceVersionDate "2013.08.26"]
[SourceQuality "1"]

1. e4 e6 2. d4 d5 3. Nc3 Nf6 4. Bg5 Be7 5. e5 Ne4 6. Bxe7 Qxe7 7. Bd3 Qb4 8. Nge2 Nxc3 9. bxc3 Qa5 10. 0-0 c5 11. Nf4 c4 12. Qg4 g6 13. Be2 Nc6 14. Qg3 Ne7 15. Bg4 h5 16. Bh3 Bd7 17. Rfb1 0-0-0 18. Qg5 Rde8 19. Ne2 Qa3 20. Qf6 Rh7 21. Rb4 Nc6 22. Rb5 Nxe5 23. Rbb1 Nc6 24. Qf4 Qe7 25. Rb2 g5 0-1

[Event "Medellin Semana Santa op"]
[Site "Medellin"]
[Date "2013.03.30"]
[Round "5"]
[White "Osorio, Cristhian Camilo"]
[Black "Zapata, Alexander"]
[Result "1-0"]
[WhiteElo "2192"]
[BlackElo "2007"]
[PlyCount "113"]
[EventDate "2013.03.27"]
[EventType "swiss"]
[EventRounds "7"]
[EventCountry "COL"]
[SourceTitle "CBM 153 Extra"]
[Source "ChessBase"]
[SourceDate "2013.04.22"]
[SourceVersion "1"]
[SourceVersionDate "2013.04.22"]
[SourceQuality "1"]

1. f4 d5 2. Nf3 c5 3. c4 d4 4. e4 dxe3 5. d4 cxd4 6. Qxd4 Qxd4 7. Nxd4 a6 8. Bxe3 Nf6 9. Nc3 e6 10. a3 Bd7 11. Be2 Nc6 12. Nc2 Ne7 13. 0-0-0 Nf5 14. Bf2 Bc6 15. Rhg1 h5 16. h3 h4 17. Nb4 Bd6 18. Rxd6 Nxd6 19. Nxc6 bxc6 20. Bf3 Rc8 21. b3 Nf5 22. Bc5 Nd7 23. Bf2 0-0 24. Rd1 Rfd8 25. Na4 Nb8 26. Rxd8+ Rxd8 27. Bb6 Rd7 28. Nc5 Re7 29. Bd8 Re8 30. Bb6 e5 31. fxe5 Rxe5 32. Nd3 Re7 33. Bc5 Re6 34. Kd2 Nd7 35. Bf2 Ng3 36. Kd1 g5 37. b4 f5 38. c5 Ne4 39. Bd4 Ndf6 40. Ne5 Nd5 41. Kc2 Kf8 42. Nd7+ Ke8 43. Ne5 Kd8 44. Kd3 Nf4+ 45. Kc2 Kc7 46. Nf7 Re7 47. Ne5 Re8 48. Nc4 Ng6 49. Ne3 Ng3 50. Nc4 Ne4 51. a4 Rd8 52. Be3 Nf4 53. Bg1 Rd3 54. Ne3 Rd2+ 55. Kb3 Ne2 56. Nxf5 Nxc5+ 57. Bxc5 1-0

[Event "Bogota McGregor op 3rd"]
[Site "Bogota"]
[Date "2012.12.12"]
[Round "2"]
[White "Osorio, Cristhian Camilo"]
[Black "Chirivi Castiblanco, Angie Lizeth"]
[Result "1-0"]
[WhiteElo "2189"]
[BlackElo "2032"]
[PlyCount "89"]
[EventDate "2012.12.12"]
[EventType "swiss"]
[EventRounds "9"]
[EventCountry "COL"]
[SourceTitle "EXT 2014"]
[Source "ChessBase"]
[SourceDate "2013.11.20"]
[SourceVersion "1"]
[SourceVersionDate "2013.11.20"]
[SourceQuality "1"]

1. f4 d5 2. c4 c6 3. cxd5 cxd5 4. Nf3 Nc6 5. d4 Bf5 6. Qb3 Rb8 7. e3 e6 8. Ne5 Nxe5 9. fxe5 Ne7 10. Bb5+ Nc6 11. 0-0 Be7 12. Qa4 Qb6 13. Nc3 0-0 14. Nxd5 exd5 15. Rxf5 a6 16. Bd3 g6 17. Rf2 Rbc8 18. Bd2 f6 19. exf6 Bxf6 20. Raf1 Bg7 21. Rxf8+ Rxf8 22. Rxf8+ Bxf8 23. Qb3 Qxb3 24. axb3 Kf7 25. Bc3 Bg7 26. Be2 Ke6 27. Bg4+ Kd6 28. Bc8 Kc7 29. Be6 Kd6 30. Bg8 h6 31. Bf7 g5 32. Kf2 b5 33. Kg3 b4 34. Be1 a5 35. Kg4 Ne7 36. h4 Bf6 37. hxg5 hxg5 38. Bg3+ Kd7 39. Bh2 Kc6 40. Be8+ Kb7 41. Be5 Ng8 42. Kf5 Bd8 43. Ke6 Nh6 44. Bh5 g4 45. Bf4 1-0

[Event "Medellin GP Feria de Flores"]
[Site "Medellin"]
[Date "2009.08.05"]
[Round "6.1"]
[White "Osorio, Cristhian Camilo"]
[Black "Uribe Arteaga, Daniel"]
[Result "0-1"]
[WhiteElo "2163"]
[BlackElo "2294"]
[PlyCount "110"]
[EventDate "2009.08.05"]
[EventType "swiss"]
[EventRounds "9"]
[EventCountry "COL"]
[SourceTitle "EXT 2024"]
[Source "ChessBase"]
[SourceDate "2023.10.10"]
[SourceVersion "1"]
[SourceVersionDate "2023.10.10"]
[SourceQuality "1"]

1. f4 e5 2. fxe5 d6 3. Nf3 dxe5 4. e4 Bc5 5. Bc4 Nf6 6. Qe2 0-0 7. c3 Bg4 8. d3 a5 9. Be3 Qe7 10. Nbd2 a4 11. d4 exd4 12. cxd4 Bb4 13. e5 Ne4 14. 0-0 Nxd2 15. Bxd2 Nc6 16. Be3 a3 17. b3 Rad8 18. Rad1 Bc3 19. Qf2 Bxf3 20. gxf3 Qb4 21. e6 b5 22. d5 bxc4 23. Bc5 Bd4 24. Qxd4 Nxd4 25. Bxb4 Rxd5 26. e7 Re8 27. bxc4 Rg5+ 28. Kf2 Nc6 29. Rfe1 f6 30. Bxa3 Ra5 31. Re3 Ne5 32. Rd8 Kf7 33. Bb4 Rxa2+ 34. Kg3 Ra4 35. Bc5 Rxc4 36. Ba3 Ra4 37. Rb3 Nc6 38. Rd7 Nd4 39. Rd3 Nf5+ 40. Kf2 Rc4 41. Rb3 Rc2+ 42. Kf1 c5 43. Rb5 Nd4 44. Rxc5 Rxc5 45. Bxc5 Nxf3 46. Kg2 Nh4+ 47. Kg3 Nf5+ 48. Kf4 Nxe7 49. h4 g6 50. Ke4 g5 51. h5 Ke6 52. Rd6+ Kf7 53. Rd7 f5+ 54. Ke5 f4 55. Ra7 f3 0-1

[Event "Medellin de Las Americas op"]
[Site "Medellin"]
[Date "2008.11.13"]
[Round "1.19"]
[White "Osorio, Cristhian Camilo"]
[Black "Castano, Jhon Edison"]
[Result "1/2-1/2"]
[WhiteElo "2180"]
[BlackElo "2021"]
[PlyCount "128"]
[EventDate "2008.11.13"]
[EventType "swiss"]
[EventRounds "9"]
[EventCountry "COL"]
[SourceTitle "EXT 2024"]
[Source "ChessBase"]
[SourceDate "2023.10.10"]
[SourceVersion "1"]
[SourceVersionDate "2023.10.10"]
[SourceQuality "1"]

1. d4 Nf6 2. Nc3 d5 3. Bg5 Nbd7 4. f3 c5 5. e4 cxd4 6. Qxd4 e5 7. Qa4 d4 8. Nd5 Be7 9. Bxf6 Bxf6 10. Qb4 Be7 11. Qxe7+ Qxe7 12. Nxe7 Kxe7 13. Ne2 Nc5 14. 0-0-0 Be6 15. Kb1 Rhd8 16. Nc1 Rac8 17. Nd3 f6 18. Nxc5 Rxc5 19. Bd3 b5 20. g4 b4 21. h4 Bg8 22. g5 fxg5 23. Rdg1 Rd7 24. Rxg5 Kd6 25. Rhg1 g6 26. b3 Bf7 27. Kb2 Be8 28. Ra1 Rf7 29. a3 Ra5 30. Be2 bxa3+ 31. Rxa3 Rxa3 32. Kxa3 Rc7 33. Bc4 Bf7 34. Bxf7 Rxf7 35. h5 Rg7 36. hxg6 h6 37. Rf5 Ke6 38. Rf8 Ke7 39. Rh8 Rxg6 40. Rh7+ Kf6 41. Kb4 Kg5 42. Re7 Kf4 43. Rf7+ Kg3 44. Kc5 h5 45. Rh7 Rg5 46. Kd5 h4 47. Ke6 h3 48. Kf6 Rg8 49. Kxe5 h2 50. Kxd4 Kg2 51. f4 h1Q 52. Rxh1 Kxh1 53. e5 Kg2 54. e6 Kf3 55. Ke5 Rg2 56. f5 Re2+ 57. Kd5 Kf4 58. f6 Re5+ 59. Kd6 Kf5 60. f7 Rxe6+ 61. Kd7 Rf6 62. Ke7 Re6+ 63. Kd7 Rf6 64. Ke7 Re6+ 1/2-1/2

[Event "Medellin op"]
[Site "Medellin"]
[Date "2008.02.09"]
[Round "4"]
[White "Echavarria, Johann"]
[Black "Osorio, Cristhian Camilo"]
[Result "0-1"]
[WhiteElo "2389"]
[BlackElo "2179"]
[PlyCount "98"]
[EventDate "2008.02.06"]
[EventType "swiss"]
[EventRounds "7"]
[EventCountry "COL"]
[SourceTitle "EXT 2010"]
[Source "ChessBase"]
[SourceDate "2010.11.25"]
[SourceVersion "1"]
[SourceVersionDate "2010.11.25"]
[SourceQuality "1"]

1. e4 e6 2. d4 d5 3. Nc3 Nf6 4. Bg5 Be7 5. e5 Ne4 6. Bxe7 Qxe7 7. Bd3 Nxc3 8. bxc3 c5 9. Qg4 f5 10. exf6 gxf6 11. Nf3 Nc6 12. Qh5+ Kd8 13. 0-0 c4 14. Be2 Bd7 15. Rfe1 Kc7 16. Qh4 Rae8 17. Rad1 Qg7 18. Qg3+ Qxg3 19. hxg3 b5 20. Rb1 Rb8 21. a3 a5 22. Rb2 b4 23. axb4 axb4 24. cxb4 Rxb4 25. Rxb4 Nxb4 26. Rc1 Ra8 27. Kf1 Ra2 28. c3 Nd3 29. Rd1 Bb5 30. Ne1 Nxe1 31. Rxe1 Rc2 32. Bg4 f5 33. Bf3 Rxc3 34. g4 f4 35. Rd1 Rc2 36. Be2 Kb6 37. Ke1 c3 38. Bxb5 Kxb5 39. Rd3 Kc4 40. Rh3 Rc1+ 41. Ke2 Rg1 42. Rxh7 c2 43. Rc7+ Kb3 44. Kf3 Rd1 45. Rb7+ Ka4 46. Rc7 Kb3 47. Rb7+ Kc3 48. Rc7+ Kd3 49. Kxf4 c1Q+ 0-1

[Event "Medellin IRT  Antioquia I"]
[Site "Medellin, Antioquia"]
[Date "2007.05.21"]
[Round "8.4"]
[White "Osorio, Cristhian Camilo"]
[Black "Blandon Villa, Diego F"]
[Result "1/2-1/2"]
[WhiteElo "2179"]
[BlackElo "2065"]
[PlyCount "46"]
[EventDate "2007.05.17"]
[EventType "swiss"]
[EventRounds "9"]
[EventCountry "COL"]
[SourceTitle "EXT 2024"]
[Source "ChessBase"]
[SourceDate "2023.10.10"]
[SourceVersion "1"]
[SourceVersionDate "2023.10.10"]
[SourceQuality "1"]

1. f4 d6 2. Nf3 g6 3. b3 Bg7 4. Nc3 c5 5. Bb2 Nc6 6. e3 Nf6 7. a3 0-0 8. Bd3 Bd7 9. 0-0 a6 10. Ne2 b5 11. Ng3 d5 12. Be2 Be6 13. Ng5 c4 14. f5 Bd7 15. fxg6 fxg6 16. Rb1 e5 17. Kh1 e4 18. Nh3 Bxh3 19. gxh3 h5 20. Rg1 Ne7 21. d3 Qc8 22. bxc4 bxc4 23. dxc4 dxc4 1/2-1/2

[Event "Medellin IRT  Antioquia I"]
[Site "Medellin, Antioquia"]
[Date "2007.05.19"]
[Round "3.2"]
[White "Panesso Rivera, Henry"]
[Black "Osorio, Cristhian Camilo"]
[Result "1-0"]
[WhiteElo "2117"]
[BlackElo "2179"]
[PlyCount "43"]
[EventDate "2007.05.17"]
[EventType "swiss"]
[EventRounds "9"]
[EventCountry "COL"]
[SourceTitle "EXT 2024"]
[Source "ChessBase"]
[SourceDate "2023.10.10"]
[SourceVersion "1"]
[SourceVersionDate "2023.10.10"]
[SourceQuality "1"]

1. d4 Nf6 2. Nf3 c5 3. d5 d6 4. Nc3 e6 5. dxe6 fxe6 6. e4 Nc6 7. Bc4 Na5 8. Bb5+ Bd7 9. e5 Bxb5 10. Nxb5 Ne4 11. exd6 Nxd6 12. Qe2 Qd7 13. a4 a6 14. Ne5 Qc8 15. Nxd6+ Bxd6 16. Qh5+ Kd8 17. Nf7+ Kc7 18. b4 g6 19. Qd1 Nc4 20. Nxd6 Nxd6 21. Bf4 e5 22. bxc5 1-0

[Event "Pan American-ch U20"]
[Site "Cali"]
[Date "2005.10.19"]
[Round "6"]
[White "Munoz Galvez, Jhon Edison"]
[Black "Osorio, Cristhian Camilo"]
[Result "0-1"]
[WhiteElo "2189"]
[BlackElo "1800"]
[PlyCount "154"]
[EventDate "2005.10.16"]
[EventType "swiss"]
[EventRounds "9"]
[EventCountry "COL"]
[SourceTitle "EXT 2007"]
[Source "ChessBase"]
[SourceDate "2006.11.23"]
[SourceVersion "1"]
[SourceVersionDate "2006.11.23"]
[SourceQuality "1"]

1. e4 e6 2. d4 d5 3. Nd2 Nf6 4. e5 Nfd7 5. Bd3 c5 6. c3 Nc6 7. Ngf3 f6 8. 0-0 Be7 9. Re1 f5 10. Nf1 0-0 11. Be3 h6 12. g3 b6 13. h4 cxd4 14. cxd4 Nb4 15. Be2 Ba6 16. a3 Bxe2 17. Qxe2 Nc6 18. Rac1 Rc8 19. Qb5 Ndb8 20. N1d2 Qd7 21. Qd3 Na5 22. b4 Nb7 23. Kg2 Qa4 24. h5 a5 25. Ra1 Rc7 26. Reb1 Nd7 27. Ng1 Rfc8 28. Nh3 Nf8 29. Qa6 Nd7 30. Nf4 Kf7 31. bxa5 Qxa5 32. Qe2 Bg5 33. Rb5 Qa4 34. Nxd5 Bxe3 35. Nxc7 Bxd2 36. Nxe6 Kxe6 37. d5+ Ke7 38. e6 Ndc5 39. Rxb6 Qe4+ 40. Qxe4 fxe4 41. Rd1 Ba5 42. d6+ Nxd6 43. Rbxd6 Nxe6 44. R1d5 Bc7 45. Rc6 Rd8 46. Rxd8 Bxd8 47. Rc4 Ng5 48. a4 Kd7 49. Rd4+ Kc8 50. Rd5 Bb6 51. a5 Ba7 52. Rb5 Ne6 53. Re5 Ng5 54. Re7 Bd4 55. a6 Kb8 56. Kf1 Bf6 57. Rb7+ Ka8 58. Ke2 Ne6 59. Rb6 Ng5 60. Ke3 Ka7 61. Rc6 Bd8 62. Rg6 Bf6 63. g4 Kxa6 64. Kf4 Kb5 65. Kf5 Kc4 66. Rxf6 gxf6 67. Kxf6 Kd3 68. Kg6 Ke2 69. Kxh6 Ne6 70. Kg6 Kxf2 71. Kf6 e3 72. Kxe6 e2 73. h6 e1Q+ 74. Kf7 Qe4 75. Kg7 Qxg4+ 76. Kh8 Qf4 77. Kg7 Qg5+ 0-1

[Event "Pan American-ch U20"]
[Site "Cali"]
[Date "2005.10.18"]
[Round "5"]
[White "Osorio, Cristhian Camilo"]
[Black "Naranjo, Sebastian"]
[Result "0-1"]
[WhiteElo "2189"]
[BlackElo "1880"]
[PlyCount "74"]
[EventDate "2005.10.16"]
[EventType "swiss"]
[EventRounds "9"]
[EventCountry "COL"]
[SourceTitle "EXT 2022"]
[Source "ChessBase"]
[SourceDate "2021.10.06"]
[SourceVersion "1"]
[SourceVersionDate "2021.10.06"]
[SourceQuality "1"]

1. e4 e6 2. d3 d5 3. Nd2 Nf6 4. Ngf3 Nc6 5. g3 dxe4 6. dxe4 e5 7. Bg2 Bc5 8. 0-0 0-0 9. c3 a5 10. Qc2 b6 11. Nc4 Ng4 12. h3 Ba6 13. Nfd2 Nxf2 14. Rxf2 Qf6 15. Nf3 Bxf2+ 16. Qxf2 Bxc4 17. b3 Ba6 18. a4 Qe6 19. c4 Rad8 20. Ba3 Rfe8 21. h4 h6 22. Kh2 Bc8 23. Bf1 Nd4 24. Nxd4 exd4 25. Bd3 Bb7 26. Re1 Qg4 27. Qf4 Qxf4 28. gxf4 f5 29. e5 Be4 30. Rd1 Bxd3 31. Rxd3 c5 32. h5 Re6 33. Bc1 g6 34. hxg6 Rxg6 35. Be3 Kf7 36. Bf2 Rg4 37. Bg3 Rdg8 0-1